000
00250nam a22001217a 4500
020
_a
92-5-104390-6
041
_a
ENG
245
_a
Pesticide Residues In Food -1999
260
_a
Rome
_b
FAO
_c
1999
300
_a
71
650
_a
FAO
856
_u
FAO (01)
999
_c
2391
_d
2391